000 01099nam a2200301 i 4500
001 000008363
003 DO-SdBNP
005 20231129141150.0
007 ta
008 090916s2000 dr 000 0 spa d
040 _aDO-SdBNP
_bspa
_cBNPHU
_erda
082 4 _a658.152
_bM538c
_222
100 1 _aMéndez, Francisco Antonio,
_d1960-
_922572
_eautor
245 1 3 _aLa capitalización :
_bdatos, cifras y conceptos /
_cFrancisco Antonio Méndez.
264 _aSanto Domingo :
_bCentenario
_c2000.
300 _a178 páginas ;
_c23 cm.
336 _2rdacontent
_atexto
_btxt
337 _2rdamedia
_asin mediación
_bn
338 _2rdacarrier
_avolumen
_bnc
500 _aIncluye datos biográficos del autor en la solapa.
500 _aIncluye índice temático, referencias bibliográficas y notas al pie de las páginas
504 _aBibliografía : p. 173-178
590 _aInventariado, 2018/ YL
650 4 _aEmpresas estatales
_zRepública Dominicana
_922573
650 4 _aAhorro e inversión
_zRepública Dominicana
_922574
910 _aValidado. Control de calidad MFF
942 _2ddc
_cLBS1
999 _c8134
_d8134